000 00866nam a2200253Ii 4500
001 32857
003 BD-RjUL
005 20211209051915.0
008 140428s1960 lau 000 0 eng d
035 _a(OCoLC)ocm01573147
035 _a(BD-RjUL)32947
040 _aUniv of Cincinnati Lib
_cCIN
_beng
_dBD-RjUL
041 _aeng
082 0 4 _223
_a107
_bTUL 1960
245 0 0 _aStudies in Hegel /
_nVolume IX
260 _aNew Orleans,
_aThe Hague, Netherlands :
_bTulane University,
_bMartinus Nijhoff,
_c1960.
300 _a187 p. ;
_c23 cm.
490 0 _aTulane studies in philosophy ;
_vv. 9.
500 _aSpecial issue of Tulane studies in philosophy, v. 9, 1960.
504 _aIncludes bibliographical references.
600 1 0 _aHegel, Georg Wilhelm Friedrich,
_d1770-1831.
_9116834
830 _aTulane studies in philosophy, v 9.
_9116835
942 _2ddc
_cBK
999 _c32857
_d32857